000 00573nam a22001817a 4500
999 _c190630
_d190630
005 20220801152642.0
010 _aENG-134111
020 _a9789384782054
_c675.00
035 _aEN-117643
037 _bDBAD/PUB
082 _a728.37
100 _aParvez,Razia
245 _aHousing and Space Management/
_cby Razia Parvez
260 _aDelhi
_bDisha International Publishing House
_c2016
270 _aF-7,Gali No.1Ist Floor,Panchsheel Garden Ext.Naveen Shahdara,
_bDelhi
_e110032
300 _a183p.:
_c22cm(Hb)
_bill.
942 _2ddc
_cEN
_h728.37
_mPAR